Hegel: la desgraciada reconciliación del espíritu
Saved in:
| Hovedforfatter: | |
|---|---|
| Format: | Bog |
| Sprog: | spansk |
| Udgivet: |
Madrid
Trotta
2001
|
| Serier: | Colección Estructuras y Procesos. Serie Filosofía
|
| Fag: | |
| Tags: |
Tilføj Tag
Ingen Tags, Vær først til at tagge denne postø!
|
MARC
| LEADER | 00000cam a2200000 a 4500 | ||
|---|---|---|---|
| 001 | UCL2525 | ||
| 003 | CL-VaPUC | ||
| 005 | 20240820103302.0 | ||
| 008 | 031024e20010000SP |||||||||||||||||spa|d | ||
| 999 | |c 305825 |d 305823 | ||
| 020 | |a 8481644846 | ||
| 040 | |c Pontificia Universidad Católica de Valparaíso | ||
| 082 | 0 | 4 | |a 142.7 |b MAS |2 21 |
| 100 | |a Másmela, Carlos |e autor |9 566758 | ||
| 245 | 1 | 0 | |a Hegel: la desgraciada reconciliación del espíritu |
| 260 | |a Madrid |b Trotta |c 2001 | ||
| 300 | |a 186 p | ||
| 490 | 0 | |a Colección Estructuras y Procesos. Serie Filosofía | |
| 583 | |a last modification |c 20150505 01:18:31 |k Rodrigo Vera | ||
| 600 | 0 | |a Hegel, Georg Wilhelm Friedrich |d 1770-1831 |9 860268 | |
| 650 | 0 | |a Fenomenología |9 256519 | |
| 650 | 0 | |a Conciencia |9 309452 | |
| 650 | 0 | |a Filosofía del espíritu |9 320175 | |
| 650 | 0 | |a Creencia Religiosa |9 316904 | |
| 942 | |c BK |2 ddc | ||
| 945 | |d 20031024 00:00:00 |a cmena | ||
| 952 | |0 0 |1 0 |3 erb |4 0 |6 142_700000000000000_MAS_2001 |7 0 |8 A |9 370289 |a BIBEDU |b BIBEDU |i 5052858 |o 142.7 MAS 2001 |p 5052858 |r 2019-11-21 |w 2019-11-21 |y BK |z Catalogado en:20140124 |k FIL | ||